000 00317nam a22001337a 4500
008 181022b xxu||||| |||| 00| 0 eng d
020 _a9781591470304
041 _aeng
080 _a159.9
100 _a49
101 _aPSI
245 _aFrom Child Sexual Abuse to Adult Sexual Risk
_cKoenig, L.J
942 _2udc
_cBK
999 _c50491
_d50491